000 00639nam a2200205Ia 4500
005 20250508164325.0
008 008 250505s9999 xx 000 0 eng d
020 _a81-7450-734-5
037 _aTextual
040 _aFEDL
_beng
_cFEDL
041 _aeng
_2eng
084 _a910, NCE
_qFEDL
245 0 _aIndia people and economy : Textbook in geography for class 12th
245 0 _cNCERT (New Delhi India)
260 _aNew Delhi, India
_bNational Council of Educational Research and Training
_c2007
300 _a159p
650 _aGeography Teaching
_9777882
942 _cTEXL
_h910, NCE
999 _c1388397
_d1388397